| 000 | 01444cam a22003973a 4500 | ||
|---|---|---|---|
| 001 | 12503248 | ||
| 003 | OSt | ||
| 005 | 20140310182257.0 | ||
| 008 | 990608s1999 nyu 000 1 eng d | ||
| 010 | _a 2001567020 | ||
| 020 |
_a0671020579 (pbk.) : _c$4.99 |
||
| 035 | _a(OCoLC)ocm41501833 | ||
| 040 |
_aIEP _cIEP _dSLC _dDLC |
||
| 042 | _alccopycat | ||
| 050 | 0 | 0 |
_aPZ 7 _b.P635 1999 |
| 082 |
_aFIC P63m _b1999 |
||
| 100 | 1 |
_aPike, Christopher, _d1955- _920418 |
|
| 245 | 1 | 0 |
_aMagic fire / _cChristopher Pike. |
| 260 |
_aNew York : _bPocket Books, _cc1999. |
||
| 300 |
_a226 p. ; _c18 cm. |
||
| 500 | _a"An Archway paperback." | ||
| 520 | _aA high-school senior gives in to his desire to set fires during a hot, dry autumn in southern California but is overcome by a greater evil. | ||
| 562 | _eFor circulation. 1 copy in the collection. | ||
| 650 | 0 |
_aDetective and mystery stories. _94339 |
|
| 650 | 0 |
_aPyromania _vJuvenile fiction. _920419 |
|
| 650 | 0 |
_aHigh school seniors _vJuvenile fiction. _920420 |
|
| 650 | 0 |
_aHorror tales. _93763 |
|
| 651 | 0 |
_aCalifornia _vJuvenile fiction. _920421 |
|
| 655 | 7 |
_aYoung adult fiction. _2lcsh _93735 |
|
| 655 | 7 |
_aMystery fiction. _2gsafd _94089 |
|
| 710 | 2 |
_aCopyright Paperback Collection (Library of Congress) _5DLC _9705 |
|
| 906 |
_a7 _bcbc _ccopycat _d2 _encip _f20 _gy-genrareb |
||
| 942 |
_2lcc _cBK-FIC |
||
| 999 |
_c11500 _d11500 |
||